Normal view
MARC view
- Bowen, Arthur Riley
Entry Personal Name
001 - CONTROL NUMBER
- control field: 42007
003 - CONTROL NUMBER IDENTIFIER
- control field: NUST
005 - DATE AND TIME OF LATEST TRANSACTION
- control field: 20210314132206.0
008 - FIXED-LENGTH DATA ELEMENTS
- fixed length control field: 210314|| aca||aabn | a|a d
040 ## - CATALOGING SOURCE
- Original cataloging agency: NUST
- Transcribing agency: NUST
100 ## - HEADING--PERSONAL NAME
- Personal name: Bowen, Arthur Riley
670 ## - SOURCE DATA FOUND
- Source citation: Work cat.: (NUST): Nash, Alfred W. 42006, The principles and practice of lubrication;, 1937.
